The William Lowell Putnam mathematical competition 1985-2000 : problems, solutions, and commentary
Αποθηκεύτηκε σε:
| Κύριος συγγραφέας: | |
|---|---|
| Άλλοι συγγραφείς: | , |
| Μορφή: | Βιβλίο |
| Γλώσσα: | English |
| Δημοσίευση: |
Washington, DC :
Mathematical Association of America,
c2008.
|
| Σειρά: | MAA problem books series
|
| Θέματα: | |
| Ετικέτες: |
Προσθήκη ετικέτας
Δεν υπάρχουν, Καταχωρήστε ετικέτα πρώτοι!
|
MARC
| LEADER | 00000cam a2200000 i 4500 | ||
|---|---|---|---|
| 001 | 1/29232 | ||
| 008 | 130429s2008 wau| ||| |||| ||eng|| | ||
| 020 | |a 9780883858271 |q (χαρτόδετο) | ||
| 035 | |l 10114339 | ||
| 040 | |a GR-MyUa |b gre |e AACR2 | ||
| 041 | 0 | |a eng | |
| 082 | 7 | |a 510.76 |2 (22) | |
| 100 | 1 | |a Kedlaya, Kiran Sridhara, |d 1974- | |
| 245 | 1 | 4 | |a The William Lowell Putnam mathematical competition 1985-2000 : |b problems, solutions, and commentary / |c Kiran S. Kedlaya, Bjorn Poonen, Ravi Vakil. |
| 260 | |a Washington, DC : |b Mathematical Association of America, |c c2008. | ||
| 300 | |a xiv, 337 σ. : |b σχέδια ; |c 26 εκ. | ||
| 490 | 1 | |a (MAA problem books series) | |
| 504 | |a Βιβλιογραφία: σ.323-331. Ευρετήριο. | ||
| 650 | 0 | |a Mathematics |x Problems, exercises, etc. | |
| 611 | 2 | 0 | |a William Lowell Putnam Mathematical Competition. |
| 700 | 1 | |a Poonen, Bjorn. | |
| 700 | 1 | |a Vakil, Ravi. | |
| 830 | 0 | |a MAA problem books series | |
| 852 | |a INST |b CHIOS |e 20130429 |h 510.76 KED |p 005200035369 |q 005200035369 |t BK |y 0 | ||
| 901 | |a BIBL2-2013-1 | ||
| 922 | |a 2ΕΛΗ |b 201210 |c ΤΑΚ/ΤΜΟΔ |d ΙΩΑΝΝΙΔΟΥ | ||
| 970 | |a ΣΠΕΝΤΖΑ |b ΕΛΕΝΗ |z 2013/04/29 | ||